| 000 | 00574nam a2200145 a 4500 | ||
|---|---|---|---|
| 001 | 000039547 | ||
| 005 | 20220824105235.0 | ||
| 008 | 130708s2012 dr 000 0 spa d | ||
| 020 | _a9789945888515 | ||
| 040 |
_aDO-SdBNP _bspa _cBNPHU |
||
| 245 | 0 | 0 | _aReglamento técnico dominicano para la reducción, control y eliminación del consumo de las sustancias agotadoras de la capa de Ozono. |
| 260 |
_aSanto Domingo : _bMinisterio de Medio Ambiente y Recursos Naturalez, _c2012. |
||
| 300 |
_a54 p. ; _c20 cm. |
||
| 710 | 1 |
_aMinisterio de Medio Ambiente y Recursos Naturales _976380 |
|
| 999 |
_c39037 _d39037 |
||